Представление документа в формате RUSMARC

ПолеНазваниеЗначение
  Тип записи a
  Библиографический уровень m
001 Контрольный номер LIBNET\0001545018
005 Дата корректировки 20260701134757.1
010 Индекс ISBN __
a ISBN 978-5-9524-5761-4
b Уточнения в пер.
100 Данные общей обработки __
a Данные общей обработки 20260525d2025 u y0rusy0189 ca
101 Язык документа 1_
a Язык текста rus
c Язык оригинала eng
102 Страна публикации __
a Страна публикации RU
105 Кодированные данные (монография) __
a Кодированные данные (монография) a z 000yy
200 Заглавие и сведения об ответственности 1_
a Заглавие Великие физики от Галилео до Эйнштейна
e Сведения, относящиеся к заглавию как были сделаны самые значимые научные открытия
f Первые сведения об ответственности Георгий Гамов
g Последующие сведения об ответственности перевод с английского Л. А. Игоревского
203 Вид содержания и тип средства __
a Вид содержания Текст
b Характеристика содержания визуальный
c Тип средства непосредственный
210 Выходные данные 1_
a Место издания Москва
c Издательство Центрполиграф
d Дата издания [2025]
215 Физическое описание __
a Объем 381, [2] с.
c Иллюстрации/тип воспроизводства ил.
d Формат 21 см
333 Примечание о целевом назначении __
a Примечание о целевом назначении 16+
606 Тематические рубрики 1_
a Основная рубрика Физика
x Основная подрубрика История
610 Ключевые слова 0_
a Ключевые слова история физики; научные открытия по физики
686 Индексы других классификаций __
2 Код системы rubbk
a Классификационный индекс 22.3г
700 Автор _1
a Фамилия Гамов
b Имя (инициалы) Г. А.
f Даты 1904-1968
g Полное личное имя Георгий Антонович
702 Вторичная интеллектуальная ответственность _1
a Фамилия Игоревский
b Имя (инициалы) Л. А.
4 Код отношения 730
801 Источник записи _0
a Страна RU
b Организация Пермская ГОУБ
c Дата составления 20260424
g Правила каталогизации rcr
801 Источник записи _1
a Страна RU
b Организация Пермская ГОУБ
c Дата составления 20260424
2 Код формата rusmarc
801 Источник записи _2
a Страна RU
b Организация Ульяновская ОНБ
c Дата составления 20260525
g Правила каталогизации RCR
830 Общее примечание каталогизатора __
a Текст примечания 029
900 Электронные ресурсы __
a Имя электронного ресурса цп20260295
900 Электронные ресурсы __
a Имя электронного ресурса цп20260296
901 Тип документа __
t Тип документа m
909 Создатель записи __
a Создатель записи Егорова Э. А.
b Дата создания записи 20260525
910 Корректоры записи __
a Корректор записи Пряхина
b Дата внесения изменения в запись 20260701